Normal view MARC view

Entry Personal Name

Number of records used in: 1

001 - CONTROL NUMBER

  • control field: 1103392

003 - CONTROL NUMBER IDENTIFIER

  • control field: OSt

005 - DATE AND TIME OF LATEST TRANSACTION

  • control field: 20260121173636.0

008 - FIXED-LENGTH DATA ELEMENTS

  • fixed length control field: 260121|| aca||aabn | a|a d

040 ## - CATALOGING SOURCE

  • Original cataloging agency: OSt
  • Transcribing agency: OSt

100 ## - HEADING--PERSONAL NAME

  • Personal name: ?ubica U?n?k Ivan Chvat?k Anita Williams

670 ## - SOURCE DATA FOUND

  • Source citation: Work cat.: (OSt)1669137: ?ubica U?n?k Ivan Chvat?k Anita Williams, The Phenomenological Critique of Mathematisation and the Question of Responsibility
Copyright @ Delhi University Library System